<?xml version="1.0" encoding="UTF-8"?>
<collection xmlns:xsi="http://www.w3.org/2001/XMLSchema-instance" xsi:schemaLocation="http://www.loc.gov/MARC21/slim http://www.loc.gov/standards/marcxml/schema/MARC21slim.xsd" xmlns="http://www.loc.gov/MARC21/slim">
 <record>
  <leader>00000cam a22000003i 4500</leader>
  <controlfield tag="001">UP-1685594773862036515</controlfield>
  <controlfield tag="003">Buklod</controlfield>
  <controlfield tag="005">20161126111815.0</controlfield>
  <controlfield tag="006">g||| |     ||   ||</controlfield>
  <controlfield tag="007">ta</controlfield>
  <controlfield tag="008">161126r19771976nyu     rb   |001 0|eng d</controlfield>
  <datafield tag="020" ind1=" " ind2=" ">
   <subfield code="a">0394722655 (pbk.)</subfield>
  </datafield>
  <datafield tag="035" ind1=" " ind2=" ">
   <subfield code="a">(iLib)UPBAG-00022567417</subfield>
  </datafield>
  <datafield tag="040" ind1=" " ind2=" ">
   <subfield code="a">DLC</subfield>
   <subfield code="d">BAG</subfield>
   <subfield code="e">rda</subfield>
  </datafield>
  <datafield tag="041" ind1="0" ind2=" ">
   <subfield code="a">eng</subfield>
  </datafield>
  <datafield tag="090" ind1=" " ind2="0">
   <subfield code="a">GR 550</subfield>
   <subfield code="b">B47 1977</subfield>
  </datafield>
  <datafield tag="100" ind1="1" ind2=" ">
   <subfield code="a">Bettelheim, Bruno</subfield>
   <subfield code="e">author.</subfield>
  </datafield>
  <datafield tag="245" ind1="1" ind2="4">
   <subfield code="a">The uses of enchantment</subfield>
   <subfield code="b">the meaning and importance of fairy tales</subfield>
   <subfield code="c">Bruno Bettelheim.</subfield>
  </datafield>
  <datafield tag="246" ind1="3" ind2="0">
   <subfield code="a">Meaning and importance of fairy tales.</subfield>
  </datafield>
  <datafield tag="264" ind1=" " ind2="1">
   <subfield code="a">New York</subfield>
   <subfield code="b">Vintage Books</subfield>
   <subfield code="c">1977, ©1976.</subfield>
  </datafield>
  <datafield tag="300" ind1=" " ind2=" ">
   <subfield code="a">323, xi pages</subfield>
   <subfield code="c">21 cm</subfield>
  </datafield>
  <datafield tag="504" ind1=" " ind2=" ">
   <subfield code="a">Includes bibliographical references (pages [325]-328) and index.</subfield>
  </datafield>
  <datafield tag="505" ind1="0" ind2=" ">
   <subfield code="a">Part one: A pocketful of magic -- Life divined from the inside -- &quot;The fisherman and the Jinny&quot;: Fairy tale compared to fable -- Fairy tale versus myth: Optimism versus pessimisim -- &quot;The three little pigs&quot;: Pleasure principle versus reality principle -- The child's need for magic -- Vicarious satisfaction versus conscious recognition -- The importance of externalization: Fantasy figures and events -- Transformations: The fantasy of the wicked stepmother -- Bringing order into chaos -- &quot;The queen bee&quot;: Achieving integration -- &quot;Brother and sister&quot;: Unifying our dual nature -- &quot;Sindbad the seaman and Sindbad the porter&quot;: Fancy versus reality -- The frame story of &quot;Thousand and one nights&quot; -- Tales of two brothers -- &quot;The three languages&quot;: Building integration -- &quot;The three feathers&quot;: The youngest child as simpleton -- Oedipal conflicts and resolutions: The knight in shining armor and the damsel in distress -- Fear of fantasy: Why were fairy tales outlawed? -- Transcending infancy with the help of fantasy -- &quot;The goose girl&quot;: Achieving autonomy -- Fantasy, recovery, escape, and consolation -- On the telling of fairy stories -- Part two: In fairy land -- &quot;Hansel and Gretel&quot; -- Little red riding hood -- Jack and the beanstalk -- The jealous queen in &quot;Snow White&quot; and the myth of Oedipus -- &quot;Snow White&quot; -- &quot;Goldilocks and the three bears&quot; -- &quot;The sleeping beauty&quot; -- &quot;Cinderella&quot; -- The animal-groom cycle of fairy tales.</subfield>
  </datafield>
  <datafield tag="520" ind1=" " ind2=" ">
   <subfield code="a">The great child psychologist gives us a brilliant and moving revelation of the enormous and irreplaceable value of fairy tales -- how they educate, support, and liberate the emotions of children.</subfield>
  </datafield>
  <datafield tag="534" ind1=" " ind2=" ">
   <subfield code="a">Originally published</subfield>
   <subfield code="c">New York : Knopf, 1976.</subfield>
  </datafield>
  <datafield tag="650" ind1=" " ind2="0">
   <subfield code="a">Fairy tales</subfield>
   <subfield code="x">History and criticism.</subfield>
  </datafield>
  <datafield tag="650" ind1=" " ind2="0">
   <subfield code="a">Psychoanalysis and fairy tales.</subfield>
  </datafield>
  <datafield tag="650" ind1=" " ind2="0">
   <subfield code="a">Folklore and children.</subfield>
  </datafield>
  <datafield tag="905" ind1=" " ind2=" ">
   <subfield code="a">FO</subfield>
  </datafield>
  <datafield tag="852" ind1="0" ind2=" ">
   <subfield code="a">UPBAG</subfield>
   <subfield code="b">UPBAG-MAIN</subfield>
   <subfield code="h">GR 550 B47 1977</subfield>
  </datafield>
  <datafield tag="942" ind1=" " ind2=" ">
   <subfield code="a">Book</subfield>
  </datafield>
 </record>
</collection>
